| 000 | 00453nam a2200205Ia 4500 | ||
|---|---|---|---|
| 005 | 20250425162653.0 | ||
| 008 | 250425s9999 xx 000 0 und d | ||
| 041 | _aspa | ||
| 043 | _amx | ||
| 082 | _a510 | ||
| 110 | _aKAPLAN WILFRED | ||
| 245 | 0 | _aCALCULO AVANZADO | |
| 250 | _aSEPTIMA EDICION | ||
| 260 |
_aMéxico _bCONTINENTAL, S.A. _c1967 |
||
| 260 | _aTIJUANA | ||
| 300 | _a861 | ||
| 650 | _aCALCULO | ||
| 942 | _c01 | ||
| 010 | _a95451 | ||
| 999 |
_c234024 _d234024 |
||